[Event "9th Sunway Sitges 2022"]
[Site "Sitges ESP"]
[Date "2022.12.20"]
[Round "8.5"]
[White "Durarbayli, Vasif"]
[Black "Korobov, Anton"]
[Result "1/2-1/2"]
[WhiteTitle "GM"]
[BlackTitle "GM"]
[WhiteElo "2612"]
[BlackElo "2662"]
[WhiteFideId "13402935"]
[BlackFideId "14105730"]
[EventDate "2022.12.12"]

1. e4 c5 2. Nf3 d6 3. d4 cxd4 4. Nxd4 Nf6 5. Nc3 a6 6. Be2 e5 7. Nb3 Be7 8. O-O
O-O 9. Re1 Be6 10. Bf3 Nbd7 11. a4 Qb8 12. Qd3 Rc8 13. Be3 Bd8 14. Red1 Bb6 15.
Qxd6 Bxe3 16. fxe3 Qa7 17. Re1 Rc6 18. Qd2 Rac8 19. a5 h6 20. Rac1 Kh8 21. h3 b5
22. axb6 Nxb6 23. Be2 Nc4 24. Bxc4 Rxc4 25. Qd3 Qa8 26. Nd2 Rb4 27. b3 Rd8 28.
Qe2 Qc6 29. Nd5 Nxd5 30. exd5 Bxd5 31. Red1 f6 32. Nf1 Rbb8 33. Ng3 Be6 34. Ra1
Rxd1+ 35. Rxd1 a5 36. Kh2 Rc8 37. Rd2 a4 38. bxa4 Qxa4 39. Qd1 Kh7 40. Rd6 Bf7
41. Rd7 Bg6 42. Qd6 Kh8 43. Qe7 Rg8 44. Rc7 h5 45. Qe6 Qa5 46. Rc4 Re8 47. Qc6
Rd8 48. Qf3 Bf7 49. Rh4 Qe1 50. Rxh5+ Bxh5 51. Qxh5+ Kg8 52. Nf5 Qd1 53. Qg6 Qd7
54. h4 Rc8 55. h5 Rc7 56. c4 e4 57. h6 Qf7 58. Qxf7+ Rxf7 1/2-1/2

[Event "9th Sunway Sitges 2022"]
[Site "Sitges ESP"]
[Date "2022.12.20"]
[Round "8.6"]
[White "Adhiban, Baskaran"]
[Black "Demchenko, Anton"]
[Result "1/2-1/2"]
[WhiteTitle "GM"]
[BlackTitle "GM"]
[WhiteElo "2611"]
[BlackElo "2632"]
[WhiteFideId "5018471"]
[BlackFideId "4160258"]
[EventDate "2022.12.12"]

1. Nf3 Nf6 2. g3 d6 3. d4 g6 4. Bg2 Bg7 5. O-O O-O 6. a4 a5 7. Nc3 Nc6 8. h3 Bd7
9. e4 e5 10. dxe5 dxe5 11. Be3 Re8 12. Re1 Qc8 13. Kh2 Nb4 14. Nd2 Be6 15. Qc1
c6 16. Bf1 Qc7 17. Nc4 Nd7 18. Rd1 Bf8 19. Nb1 Nc5 20. Nbd2 f5 21. c3 Nba6 22.
f4 exf4 23. Bxf4 Qg7 24. exf5 Bxf5 25. Re1 Nd3 26. Bxd3 Bxd3 27. Ne5 Bf5 28.
Ndf3 Nc5 29. Nd4 Bd6 30. Qe3 Ne4 1/2-1/2

[Event "9th Sunway Sitges 2022"]
[Site "Sitges ESP"]
[Date "2022.12.20"]
[Round "8.7"]
[White "Sumets, Andrey"]
[Black "Petrosyan, Manuel"]
[Result "0-1"]
[WhiteTitle "GM"]
[BlackTitle "GM"]
[WhiteElo "2506"]
[BlackElo "2621"]
[WhiteFideId "14105500"]
[BlackFideId "13300857"]
[EventDate "2022.12.12"]

1. Nf3 d5 2. d4 Nf6 3. c4 e6 4. cxd5 exd5 5. Nc3 c6 6. Qc2 h6 7. Bf4 Bd6 8. Bxd6
Qxd6 9. e3 Be6 10. Bd3 Nbd7 11. h3 a5 12. O-O-O b5 13. Kb1 Nb6 14. Rhe1 O-O 15.
g4 b4 16. Na4 Nxa4 17. Qxa4 Ne4 18. Bxe4 dxe4 19. Nd2 Bd5 20. Qc2 Qe6 21. Nb3 a4
22. Nc5 Bxa2+ 23. Kc1 Bb3 24. Nxe6 Bxc2 25. Nxf8 Bxd1 26. Rxd1 Kxf8 27. Rd2 Ke7
28. Rc2 Kd6 29. Rc5 a3 30. Kb1 a2+ 31. Ka1 b3 32. Rc4 Rb8 33. Ra4 Rb5 34. Ra6
Rb4 0-1

[Event "9th Sunway Sitges 2022"]
[Site "Sitges ESP"]
[Date "2022.12.20"]
[Round "8.8"]
[White "Karthikeyan, Murali"]
[Black "Gokerkan, Cem Kaan"]
[Result "0-1"]
[WhiteTitle "GM"]
[BlackTitle "IM"]
[WhiteElo "2620"]
[BlackElo "2470"]
[WhiteFideId "5074452"]
[BlackFideId "6336760"]
[EventDate "2022.12.12"]

1. e4 c5 2. Nf3 d6 3. Bb5+ Nd7 4. O-O a6 5. Bd3 e6 6. Re1 g5 7. Rf1 h5 8. c3 g4
9. Ne1 Ngf6 10. Bc2 b5 11. d4 Bb7 12. Qe2 Be7 13. a4 h4 14. axb5 axb5 15. Rxa8
Qxa8 16. Na3 Bxe4 17. Nxb5 Qb7 18. dxc5 Bxc2 19. c6 Qxc6 20. Nd4 Qb7 21. Ndxc2
h3 22. g3 Rh5 23. f3 Re5 24. Qf2 Bd8 25. fxg4 Bb6 26. Nd4 Kd8 27. Qf3 Qe4 28.
Nd3 Qxf3 29. Rxf3 Nxg4 30. Rxf7 Bxd4+ 31. cxd4 Re2 32. Rh7 Rg2+ 33. Kf1 Nxh2+
34. Ke1 Nf3+ 35. Kf1 Nh2+ 36. Ke1 Rxg3 37. Bf4 Rxd3 38. Bxd6 Re3+ 39. Kd1 Ng4
40. Rh8+ Nf8 41. Rxf8+ Kd7 42. Bb8 h2 43. Rh8 Rf3 44. Rh7+ Kc6 45. Ke2 Rf2+ 46.
Kd3 Rf7 47. Rxh2 Nxh2 48. Bxh2 Kd5 49. Bg1 Rb7 50. Kc3 Rb8 51. b3 Ke4 52. Kc4
Rc8+ 53. Kb5 Rc1 0-1

[Event "9th Sunway Sitges 2022"]
[Site "Sitges ESP"]
[Date "2022.12.20"]
[Round "8.9"]
[White "Cheparinov, Ivan"]
[Black "Firat, Burak"]
[Result "1-0"]
[WhiteTitle "GM"]
[BlackTitle "GM"]
[WhiteElo "2688"]
[BlackElo "2460"]
[WhiteFideId "2905540"]
[BlackFideId "6305881"]
[EventDate "2022.12.12"]

1. e4 c5 2. Nf3 e6 3. d4 cxd4 4. Nxd4 Nc6 5. Nc3 Qc7 6. f4 a6 7. Nxc6 bxc6 8.
Qf3 d5 9. Be3 Nf6 10. Bd3 Bb7 11. Bd4 O-O-O 12. O-O-O dxe4 13. Bxe4 Nxe4 14.
Nxe4 Rxd4 15. Rxd4 c5 16. Rd2 f5 17. Qb3 fxe4 18. Qxe6+ Kb8 19. Rd7 Qxf4+ 20.
Kb1 Qf6 21. Qe8+ Bc8 22. Rd8 Qf5 23. Qc6 e3 24. Qb6+ Ka8 25. Qxa6+ Kb8 26. Qb6+
Ka8 27. Qc7 Bd6 28. Qa5+ 1-0

[Event "9th Sunway Sitges 2022"]
[Site "Sitges ESP"]
[Date "2022.12.20"]
[Round "8.10"]
[White "Samant, Aditya S"]
[Black "Esipenko, Andrey"]
[Result "0-1"]
[WhiteTitle "IM"]
[BlackTitle "GM"]
[WhiteElo "2470"]
[BlackElo "2678"]
[WhiteFideId "35080580"]
[BlackFideId "24175439"]
[EventDate "2022.12.12"]

1. e4 e5 2. Nf3 Nc6 3. Bb5 a6 4. Ba4 Nf6 5. O-O Be7 6. Re1 b5 7. Bb3 O-O 8. c3
d6 9. h3 h6 10. d4 Re8 11. Nbd2 Bd7 12. Nf1 a5 13. d5 Nb8 14. a4 Na6 15. axb5
Nc5 16. Bc2 Bxb5 17. b3 Bxf1 18. Kxf1 c6 19. dxc6 Qb6 20. Nd2 Qxc6 21. Qe2 Rec8
22. Bb2 Ne6 23. Ra4 Nd4 24. Qd3 Nxc2 25. Qxc2 Nd7 26. Rea1 Bd8 27. Kg1 Nc5 28.
Rc4 Qb5 29. b4 Ne6 30. Qa4 Qb7 31. Rxc8 Rxc8 32. Bc1 axb4 33. Qxb4 Qxb4 34. cxb4
Bg5 35. Nb3 Rc4 36. Ba3 Nc7 37. f3 Nb5 38. Bc1 Rxb4 39. Bxg5 hxg5 40. Nd2 Nc3
41. Ra8+ Kh7 42. Rd8 Rd4 43. Nb3 Rd3 44. Na5 d5 45. exd5 Rxd5 46. Rxd5 Nxd5 47.
Nc4 f6 48. Kf2 Kg6 49. g4 Nf4 50. Kg3 Ne2+ 51. Kf2 Nd4 52. Ne3 Kf7 53. Ng2 Kg6
54. Ne3 Kh7 55. Ng2 Kh6 56. Ne3 g6 57. Ng2 Ne6 58. Ne3 Kg7 59. Kg3 Nd4 60. Kf2
f5 61. Ng2 f4 62. Ne1 Kf6 63. Nd3 Nb3 64. Nb4 Ke6 65. Nc6 Nd4 66. Nb4 Kd6 67.
Kg2 Nb3 68. Kf2 Nc1 69. Na6 Na2 70. Ke2 Nc1+ 71. Kf2 Nb3 72. Nb4 Nd4 73. Nd3 Kd5
74. Nb4+ Kc4 75. Na6 Kd5 76. Nc7+ Kd6 77. Ne8+ Ke6 78. Nc7+ Kf7 79. Nd5 Nb5 80.
Nb4 Ke6 81. Nc6 Nd4 82. Nb4 Kd6 83. Na2 Nb5 84. Nb4 Nc3 85. Na6 Nd5 86. Ke2 Nc7
87. Nb4 Ne6 88. Nd3 Nc5 89. Nb4 Nb3 90. Kf2 Kc5 91. Na6+ Kc6 92. Nb4+ Kd6 93.
Na6 Nc5 94. Nb4 e4 95. fxe4 Nxe4+ 96. Kf3 Nc5 97. Nc2 Ke5 98. Nb4 Ne6 99. Nc6+
Kd6 100. Nb4 Kc5 101. Nd3+ Kd4 102. Nf2 Kd5 103. Nd3 Nd4+ 104. Kf2 Nc6 105. Nc1
Kc4 106. Kf3 Nd4+ 107. Kf2 Kc3 108. Na2+ Kb3 109. Nc1+ Kc2 110. Na2 Nc6 111. Kf3
Kb2 112. h4 gxh4 113. Kxf4 Kxa2 0-1

[Event "9th Sunway Sitges 2022"]
[Site "Sitges ESP"]
[Date "2022.12.20"]
[Round "8.12"]
[White "Jones, Gawain C B"]
[Black "Nigmatov, Ortik"]
[Result "1-0"]
[WhiteTitle "GM"]
[BlackTitle "IM"]
[WhiteElo "2630"]
[BlackElo "2439"]
[WhiteFideId "409561"]
[BlackFideId "14202131"]
[EventDate "2022.12.12"]

1. Nf3 Nf6 2. c4 g6 3. Nc3 d5 4. cxd5 Nxd5 5. h4 Nxc3 6. bxc3 Bg7 7. h5 c5 8. g3
Nc6 9. Bg2 Qc7 10. Qb3 Na5 11. Qa3 Bg4 12. h6 Bf6 13. d4 cxd4 14. cxd4 Nc4 15.
Qa4+ Bd7 16. Qb4 a5 17. Qc3 Rc8 18. O-O O-O 19. Bf4 Qd8 20. Qb3 Be6 21. Qxb7 Bd5
22. Qb5 Na3 23. Qd3 Nc2 24. Rac1 Nb4 25. Qd2 Bxa2 26. Rxc8 Qxc8 27. Rc1 Qa8 28.
Bg5 Qa6 29. Bxf6 Qxf6 30. e4 Rd8 31. Rc5 Bb1 32. Ne5 Qe6 33. Rxa5 Nc2 34. Rb5
Qa2 35. Nc6 Re8 36. Nxe7+ Kf8 37. Nd5 1-0

[Event "9th Sunway Sitges 2022"]
[Site "Sitges ESP"]
[Date "2022.12.20"]
[Round "8.13"]
[White "Aryan, Chopra"]
[Black "Ajay, Karthikeyan"]
[Result "1/2-1/2"]
[WhiteTitle "GM"]
[BlackTitle "IM"]
[WhiteElo "2618"]
[BlackElo "2430"]
[WhiteFideId "5084423"]
[BlackFideId "35011685"]
[EventDate "2022.12.12"]

1. c4 Nf6 2. Nc3 e6 3. e4 d5 4. cxd5 exd5 5. e5 Ne4 6. Nf3 Be7 7. d4 O-O 8. Bd3
Bf5 9. Qc2 Nc6 10. a3 Bg6 11. O-O Nxc3 12. bxc3 Qd7 13. Rb1 b6 14. g3 Rae8 15.
Ng5 Bxg5 16. Bxg5 Na5 17. Rbe1 Nc4 18. Bc1 Bxd3 19. Qxd3 f6 20. f4 f5 21. Re2 g6
22. h3 Qe6 23. Rg2 Kf7 24. g4 Ke7 25. Bd2 Kd7 26. a4 a5 27. Be1 Kc8 28. Bh4 Kb7
29. Qf3 c6 30. Bf6 Rxf6 1/2-1/2

[Event "9th Sunway Sitges 2022"]
[Site "Sitges ESP"]
[Date "2022.12.20"]
[Round "8.14"]
[White "Goh, Wei Ming Kevin"]
[Black "Bernadskiy, Vitaliy"]
[Result "0-1"]
[WhiteTitle "GM"]
[BlackTitle "GM"]
[WhiteElo "2452"]
[BlackElo "2617"]
[WhiteFideId "5800706"]
[BlackFideId "14100371"]
[EventDate "2022.12.12"]

1. e4 c5 2. Nf3 Nc6 3. Bb5 g6 4. O-O Bg7 5. c3 e5 6. d4 cxd4 7. cxd4 exd4 8. Bf4
Nge7 9. Bd6 O-O 10. a4 b6 11. Nbd2 Bb7 12. Bc4 Na5 13. Bd3 Re8 14. Rc1 Rc8 15.
b4 Rxc1 16. Qxc1 Nac6 17. Nc4 Nc8 18. e5 a6 19. b5 axb5 20. axb5 Na5 21. Nxa5
Nxd6 22. Nxb7 Nxb7 23. Re1 Nc5 24. Bc4 Ne6 25. h3 h6 26. Rd1 Qa8 27. Bxe6 dxe6
28. Rxd4 Rc8 29. Qd2 Bf8 30. Kh2 Qa5 31. Qxa5 bxa5 32. Ra4 Bb4 33. Nd4 Rb8 34.
f4 Kf8 35. Ra2 Ke8 36. g3 Bc3 37. Ne2 Be1 38. Nd4 Kd7 39. Kg2 Bc3 40. Ne2 Bb4
41. Nd4 Kc7 42. Kf3 Kb6 43. Rc2 Bc5 44. Nb3 Rc8 45. Ke4 a4 46. Nd2 Kxb5 47. Nb1
Rd8 48. Nc3+ Kc6 0-1

[Event "9th Sunway Sitges 2022"]
[Site "Sitges ESP"]
[Date "2022.12.20"]
[Round "8.15"]
[White "Prraneeth, Vuppala"]
[Black "Safarli, Eltaj"]
[Result "1/2-1/2"]
[WhiteTitle "IM"]
[BlackTitle "GM"]
[WhiteElo "2427"]
[BlackElo "2616"]
[WhiteFideId "46622373"]
[BlackFideId "13402129"]
[EventDate "2022.12.12"]

1. e4 c5 2. Nf3 Nc6 3. d4 cxd4 4. Nxd4 Nf6 5. Nc3 e5 6. Ndb5 d6 7. Nd5 Nxd5 8.
exd5 Nb8 9. c4 Be7 10. c5 O-O 11. Be2 Na6 12. cxd6 Bxd6 13. O-O Nc7 14. Nc3 f5
15. f4 b5 16. fxe5 Bxe5 17. Bf4 Bxf4 18. Rxf4 Qd6 19. Qd4 Bd7 20. a3 a5 21. b4
axb4 22. Qxb4 Rf6 23. Raf1 h6 24. Qxd6 Rxd6 25. Rb4 Ra5 26. Rfb1 Rxa3 27. Nxb5
Bxb5 28. Bxb5 Kh7 29. Bc4 Nxd5 30. Bxd5 Rxd5 31. Rb5 Rd2 32. R5b2 Rdd3 33. Rf1
Ra5 34. h3 h5 35. Rbf2 g6 36. Rf3 Rd2 37. R3f2 Rdd5 38. Kh2 h4 39. Rc2 Rd4 40.
Rff2 Ra1 41. Ra2 Rad1 42. Ra7+ Kh6 43. Rfa2 Re4 44. Ra1 Rd2 45. R1a2 Rdd4 46.
R2a6 Rf4 47. Ra8 Rd3 48. Ra4 Re4 49. Ra3 Rxa3 50. Rxa3 Kg7 51. Kg1 Kf6 52. Kf2
Ke5 53. Kf3 g5 54. Ra5+ Kf6 55. Ra6+ Re6 56. Ra5 Rd6 57. Rb5 Rd3+ 58. Kf2 Ke6
59. Ke2 Rd5 60. Rb3 Rd4 61. Rb5 Rd5 62. Rb3 Rc5 63. Kf3 Ke5 64. Ra3 Kd4 65. Ra4+
Rc4 66. Ra5 Rc3+ 67. Kf2 Rc5 68. Ra4+ Rc4 69. Ra5 Ke4 70. Ra2 g4 71. hxg4 fxg4
72. Re2+ Kf5 73. Ra2 g3+ 74. Kf3 Rf4+ 75. Ke3 Re4+ 76. Kf3 Rf4+ 77. Ke3 Rf1 78.
Ra5+ Kg4 79. Ra4+ Kg5 80. Ra5+ Rf5 81. Rxf5+ Kxf5 82. Ke2 Ke4 83. Kf1 Ke3 84.
Kg1 Ke2 85. Kh1 h3 86. Kg1 h2+ 87. Kh1 1/2-1/2

[Event "9th Sunway Sitges 2022"]
[Site "Sitges ESP"]
[Date "2022.12.20"]
[Round "8.16"]
[White "Kollars, Dmitrij"]
[Black "Jubin, Jimmy"]
[Result "0-1"]
[WhiteTitle "GM"]
[BlackTitle "FM"]
[WhiteElo "2610"]
[BlackElo "2376"]
[WhiteFideId "12909572"]
[BlackFideId "46686614"]
[EventDate "2022.12.12"]

1. e4 c6 2. d4 d5 3. exd5 cxd5 4. Nf3 Nc6 5. c3 Nf6 6. Ne5 a6 7. Bd3 g6 8. O-O
Bg7 9. Re1 O-O 10. Nd2 Nd7 11. f4 Nf6 12. Qc2 Ne8 13. Ndf3 Nd6 14. Qe2 Ra7 15.
g4 f5 16. g5 Ne4 17. Be3 Ra8 18. h4 Bd7 19. c4 Be6 20. Nxc6 bxc6 21. c5 a5 22.
Kg2 Qc7 23. b3 Bf7 24. a3 Rfb8 25. Qc2 Be8 26. Rab1 Rb7 27. Rh1 e6 28. Rh3 Qb8
29. Be2 Bf7 30. Ne1 Qe8 31. Nd3 Rab8 32. Rb2 Ra7 33. Kf1 Rbb7 34. Ke1 Ra8 35.
Kd1 Rab8 36. Kc1 Rb5 37. Kb1 R8b7 38. Ka2 Rb8 39. Rb1 R5b7 40. Qc1 Ra7 41. Qe1
Qc8 42. Rh2 Qe8 43. Bd1 Qc8 44. Rc2 Qb7 45. Be2 Rba8 46. Nf2 Qd7 47. Nh1 Qe8 48.
Ng3 Rb8 49. Bd1 Rbb7 50. Rh2 a4 51. Rhb2 axb3+ 52. Rxb3 Qa8 53. Ne2 Ra4 54. Bc2
Be8 55. Rd3 Rxb1 56. Qxb1 Rc4 57. Rb3 Kf8 58. Bd3 Ra4 59. Qc2 Qa5 60. Bxe4 fxe4
61. Bd2 Qa6 62. Bb4 Bd7 63. Kb1 Bc8 64. Kc1 Qa8 65. Kd2 Ba6 66. Qc3 Bc4 67. Rb2
Ra7 68. Ke1 Ke8 69. Kf2 Rf7 70. Qe3 Bxe2 71. Kxe2 Qa6+ 72. Kd2 Qf1 73. Kc2 Rxf4
74. Bd2 Bxd4 75. Qb3 Rf3 76. Rb1 Qe2 77. Re1 0-1

[Event "9th Sunway Sitges 2022"]
[Site "Sitges ESP"]
[Date "2022.12.20"]
[Round "8.17"]
[White "Abdisalimov, Abdimalik"]
[Black "Dardha, Daniel"]
[Result "0-1"]
[WhiteTitle "IM"]
[BlackTitle "GM"]
[WhiteElo "2447"]
[BlackElo "2606"]
[WhiteFideId "14206323"]
[BlackFideId "240990"]
[EventDate "2022.12.12"]

1. d4 Nf6 2. c4 e6 3. Nc3 d5 4. cxd5 Nxd5 5. e4 Nxc3 6. bxc3 c5 7. Rb1 Be7 8.
Bb5+ Bd7 9. Bd3 cxd4 10. cxd4 Nc6 11. Nf3 Nb4 12. O-O O-O 13. Bc4 Rc8 14. Qe2
Qc7 15. Ne5 Nc6 16. Nxc6 Bxc6 17. d5 Bxd5 18. Bxd5 exd5 19. exd5 Rfe8 20. Qg4
Bf8 21. Bf4 Qa5 22. d6 Rcd8 23. d7 Re6 24. Rxb7 Qa4 25. Rd1 Qe4 26. Rbb1 Rg6 27.
Qh3 Qxf4 28. g3 Qc7 0-1

[Event "9th Sunway Sitges 2022"]
[Site "Sitges ESP"]
[Date "2022.12.20"]
[Round "8.18"]
[White "Willow, Jonah B"]
[Black "Sanal, Vahap"]
[Result "1-0"]
[WhiteTitle "IM"]
[BlackTitle "GM"]
[WhiteElo "2409"]
[BlackElo "2597"]
[WhiteFideId "438804"]
[BlackFideId "6300545"]
[EventDate "2022.12.12"]

1. e4 c5 2. Nf3 Nc6 3. d4 cxd4 4. Nxd4 Nf6 5. Nc3 d6 6. Bg5 e6 7. Qd3 Bd7 8.
Ndb5 Nb4 9. Qd1 Qb8 10. Bf4 e5 11. Bg5 a6 12. Bxf6 gxf6 13. Na3 b5 14. Be2 Rg8
15. O-O Bh3 16. g3 Bxf1 17. Bxf1 Qa7 18. Bh3 Rg5 19. Nd5 Nxd5 20. Qxd5 Rb8 21.
Qc6+ Ke7 22. Rd1 Rb6 23. Qd5 Qb7 24. Qd3 Ke8 25. Nb1 d5 26. exd5 f5 27. Bxf5 Rf6
28. Bxh7 Qb6 29. Rf1 Rf4 30. Nc3 f5 31. Ne2 Rh4 32. Bxf5 Bc5 33. Be6 e4 34. Qc3
Ke7 35. b4 Bd6 36. Nd4 Rf4 37. Kh1 Rf8 38. Qe3 Kf6 39. f3 Kg6 40. Qxe4+ Kf6 41.
f4 Rg7 42. Bh3 1-0

[Event "9th Sunway Sitges 2022"]
[Site "Sitges ESP"]
[Date "2022.12.20"]
[Round "8.19"]
[White "Dalaud, Dorian"]
[Black "Kraemer, Martin"]
[Result "1/2-1/2"]
[WhiteTitle "FM"]
[BlackTitle "GM"]
[WhiteElo "2342"]
[BlackElo "2583"]
[WhiteFideId "36093270"]
[BlackFideId "4671910"]
[EventDate "2022.12.12"]

1. e4 c5 2. Nf3 d6 3. d4 cxd4 4. Nxd4 Nf6 5. Nc3 a6 6. Rg1 h5 7. h3 e5 8. Nb3
Be6 9. Be3 h4 10. Qd2 Nbd7 11. O-O-O Be7 12. Kb1 b5 13. f4 Rc8 14. f5 Bc4 15. a3
Qc7 16. g4 hxg3 17. Rxg3 Bxf1 18. Rxf1 Bf8 19. Re1 Rb8 20. Bg5 Nb6 21. Bxf6 gxf6
22. Nd5 Nxd5 23. Qxd5 Qb7 24. Qd2 Rc8 25. Na5 Qb6 26. Rc3 Rxc3 27. Qxc3 Kd7 28.
b4 Bh6 29. Qb3 Ke7 30. Qc3 Kd7 31. Qb3 Ke7 32. Qc3 Kd7 33. Qb3 Ke7 1/2-1/2

[Event "9th Sunway Sitges 2022"]
[Site "Sitges ESP"]
[Date "2022.12.20"]
[Round "8.20"]
[White "Bilych, Olexiy"]
[Black "Svane, Frederik"]
[Result "1/2-1/2"]
[WhiteTitle "FM"]
[BlackTitle "GM"]
[WhiteElo "2401"]
[BlackElo "2568"]
[WhiteFideId "14156504"]
[BlackFideId "12923044"]
[EventDate "2022.12.12"]

1. e4 c5 2. Nf3 e6 3. d4 cxd4 4. Nxd4 Nc6 5. Nc3 a6 6. Be3 Nf6 7. Be2 d6 8. O-O
Be7 9. f4 O-O 10. Qe1 Nxd4 11. Bxd4 b5 12. a3 Bb7 13. Qg3 g6 14. Qe3 Qb8 15. e5
dxe5 16. fxe5 Nd5 17. Nxd5 Bxd5 18. Rf2 Qd8 19. Raf1 Bg5 20. Qd3 Bc4 21. Qe4 Bh4
22. g3 Bxe2 23. Rxe2 Be7 24. h4 Rc8 25. b4 a5 26. c3 Rc4 27. Rf4 axb4 28. axb4
Qa8 29. Qxa8 Rxa8 30. Ref2 Rf8 31. Ra2 Rc7 32. Kf1 Kg7 33. Ke2 g5 34. hxg5 Kg6
35. Kd3 Rd8 36. Ra5 Bxg5 37. Rf1 Rd5 38. Ra8 Bd8 39. Rfa1 h5 40. R1a7 Rxa7 41.
Rxa7 f6 42. Ke4 1/2-1/2

[Event "9th Sunway Sitges 2022"]
[Site "Sitges ESP"]
[Date "2022.12.20"]
[Round "8.21"]
[White "Jain, Kashish Manoj"]
[Black "Tin, Jingyao"]
[Result "0-1"]
[WhiteTitle "FM"]
[BlackTitle "GM"]
[WhiteElo "2334"]
[BlackElo "2562"]
[WhiteFideId "35081098"]
[BlackFideId "5804418"]
[EventDate "2022.12.12"]

1. e4 c6 2. d4 d5 3. e5 c5 4. dxc5 e6 5. a3 Bxc5 6. Qg4 Ne7 7. Bd3 Nbc6 8. Nf3
Qc7 9. Qg3 Ng6 10. Bxg6 hxg6 11. Bf4 Rh5 12. Nc3 Nd4 13. Nxd4 Bxd4 14. O-O Qc4
15. Rad1 Bd7 16. Rd3 Rf5 17. b3 Qc5 18. Ne2 Bb2 19. Be3 Qc7 20. Nd4 Rh5 21. Rb1
Bc3 22. f4 Rc8 23. Ne2 Bxe5 24. fxe5 Qxc2 25. Rbd1 Qxe2 26. Bxa7 Qxe5 27. Qxe5
Rxe5 28. Bd4 Re2 29. Bxg7 Rcc2 30. Rg3 e5 31. Rg5 Bf5 32. h4 Ke7 33. Rxd5 f6 34.
Rg3 Be4 35. Rb5 Bxg2 0-1

[Event "9th Sunway Sitges 2022"]
[Site "Sitges ESP"]
[Date "2022.12.20"]
[Round "8.22"]
[White "Alsina Leal, Daniel"]
[Black "Tahay, Alexis"]
[Result "1-0"]
[WhiteTitle "GM"]
[BlackTitle "IM"]
[WhiteElo "2527"]
[BlackElo "2400"]
[WhiteFideId "2252627"]
[BlackFideId "26090961"]
[EventDate "2022.12.12"]

1. e4 c5 2. Nf3 d6 3. Bb5+ Nd7 4. d4 cxd4 5. Nxd4 Nf6 6. O-O a6 7. Bd3 e5 8. Nf5
Nc5 9. Bg5 d5 10. Nc3 dxe4 11. Bxe4 Ncxe4 12. Nxg7+ Bxg7 13. Qxd8+ Kxd8 14. Nxe4
Ke7 15. f4 Ke6 16. f5+ Ke7 17. Rad1 h6 18. Bh4 a5 19. Rd5 Ra6 20. Rxe5+ Kf8 21.
Rd1 Kg8 22. Nxf6+ Rxf6 23. Bxf6 Bxf6 24. Re8+ Kh7 25. Rxh8+ Kxh8 26. g4 Kg7 27.
c3 Be7 28. Kg2 h5 29. h3 b6 30. Kg3 h4+ 31. Kf4 f6 32. a3 Kf7 33. b4 Ke8 34. Re1
Bd7 35. c4 a4 36. Ke4 Bc6+ 37. Kd4 Bg2 38. g5 Kf8 39. g6 Bc6 40. c5 bxc5+ 41.
bxc5 Bf3 42. Re6 Bg2 43. c6 Bxa3 44. c7 1-0

[Event "9th Sunway Sitges 2022"]
[Site "Sitges ESP"]
[Date "2022.12.20"]
[Round "8.23"]
[White "Sidhant, Mohapatra"]
[Black "Arjun, Kalyan"]
[Result "0-1"]
[WhiteTitle "IM"]
[BlackTitle "GM"]
[WhiteElo "2337"]
[BlackElo "2505"]
[WhiteFideId "5028698"]
[BlackFideId "35018701"]
[EventDate "2022.12.12"]

1. Nf3 d5 2. c4 d4 3. b4 c5 4. d3 Qc7 5. g3 e5 6. Bg2 Nc6 7. bxc5 Bxc5 8. O-O
Nf6 9. Nbd2 O-O 10. Nb3 Be7 11. e3 dxe3 12. Bxe3 Rd8 13. Qe2 Bg4 14. h3 Bh5 15.
Rad1 a5 16. g4 a4 17. Nc5 Bg6 18. Nxb7 Re8 19. Nc5 Bxc5 20. Bxc5 e4 21. Nh4 exd3
22. Qb2 Be4 23. f3 Bg6 24. Qb6 Qd7 25. Nxg6 hxg6 26. Qb1 Rad8 27. Bb6 Rb8 28. f4
Nd4 29. c5 Ne2+ 30. Kh2 Re3 31. c6 Nxg4+ 32. Kh1 Rxh3+ 33. Bxh3 Qd5+ 34. Rf3
Qxf3+ 35. Bg2 Qg3 0-1

[Event "9th Sunway Sitges 2022"]
[Site "Sitges ESP"]
[Date "2022.12.20"]
[Round "8.24"]
[White "Bhambure, Shantanu"]
[Black "Nevednichy, Vladislav"]
[Result "1/2-1/2"]
[WhiteTitle "FM"]
[BlackTitle "GM"]
[WhiteElo "2306"]
[BlackElo "2502"]
[WhiteFideId "5025931"]
[BlackFideId "1205730"]
[EventDate "2022.12.12"]

1. d4 d6 2. Nf3 Nf6 3. c4 g6 4. Nc3 Bg7 5. e4 Bg4 6. Be2 Bxf3 7. Bxf3 e5 8. d5
h5 9. Qb3 Qc8 10. a4 a5 11. c5 dxc5 12. Be3 Nbd7 13. O-O-O O-O 14. Nb5 c6 15.
dxc6 bxc6 16. Nd6 Qc7 17. Be2 Rab8 18. Qc2 Ne8 19. Nc4 Nef6 20. Bd2 Ra8 21. Bc3
Rfb8 22. Kb1 Rb7 23. Nd6 Rbb8 24. Bc4 Rf8 25. Ba2 Ne8 26. Nc4 Nef6 27. f3 Rae8
28. Qd2 Nb6 29. Nd6 Rb8 30. Bb3 h4 31. g3 Nh5 32. Rhg1 hxg3 33. hxg3 Bf6 34. f4
c4 35. Nxc4 Nxc4 36. Bxc4 1/2-1/2

[Event "9th Sunway Sitges 2022"]
[Site "Sitges ESP"]
[Date "2022.12.20"]
[Round "8.25"]
[White "Sankalp, Gupta"]
[Black "Harshad, S"]
[Result "1-0"]
[WhiteTitle "GM"]
[BlackTitle "FM"]
[WhiteElo "2485"]
[BlackElo "2202"]
[WhiteFideId "5097010"]
[BlackFideId "46616551"]
[EventDate "2022.12.12"]

1. Nf3 d5 2. g3 Nf6 3. Bg2 c5 4. O-O Nc6 5. d4 e6 6. c4 dxc4 7. Qa4 Bd7 8. Qxc4
b5 9. Qd3 c4 10. Qd1 Rc8 11. Re1 Be7 12. e4 O-O 13. d5 exd5 14. exd5 Nb4 15. d6
Bxd6 16. Qxd6 Nc2 17. Na3 Nxa1 18. Bf4 Bg4 19. Rxa1 c3 20. bxc3 Qa5 21. Nd2 Qxc3
22. Be5 Qa5 23. Bxf6 gxf6 24. Ne4 Be6 25. Nxf6+ Kg7 26. Nh5+ Kh6 27. Bf3 Qc3 28.
Qf4+ Kg6 29. Rf1 Rc5 30. Nb1 Qb2 31. Be4+ f5 32. Qd6 Rc1 33. Nf4+ Kf7 34. Qxe6+
Kg7 35. Qe7+ 1-0

[Event "9th Sunway Sitges 2022"]
[Site "Sitges ESP"]
[Date "2022.12.20"]
[Round "8.26"]
[White "Aditya, Mittal"]
[Black "Gholami Orimi, Mahdi"]
[Result "1-0"]
[WhiteTitle "IM"]
[BlackTitle "IM"]
[WhiteElo "2479"]
[BlackElo "2415"]
[WhiteFideId "35042025"]
[BlackFideId "12558486"]
[EventDate "2022.12.12"]

1. Nf3 d5 2. d4 Nf6 3. c4 e6 4. Nc3 a6 5. c5 b6 6. cxb6 cxb6 7. Bf4 Bd6 8. e3
O-O 9. Bd3 Bb7 10. O-O Nc6 11. Na4 Be7 12. a3 Ne4 13. b4 Nd6 14. Nd2 Na7 15. Qe2
Bc6 16. Nc3 b5 17. Bxd6 Qxd6 18. f4 Nc8 19. Nb3 Nb6 20. Nc5 Nc4 21. a4 g6 22.
Ra2 Qd8 23. Bxc4 dxc4 24. Rfa1 Bxc5 25. dxc5 Qf6 26. axb5 axb5 27. Rxa8 Bxa8 28.
Qb2 Bc6 29. Ra6 Rc8 30. Qa1 Qd8 31. Qd1 Qc7 32. Qd2 Qb7 33. Rb6 Qa8 34. Qa2 Qxa2
35. Nxa2 Kf8 36. Nc3 Ke7 37. Kf2 Kd7 38. Ra6 Kc7 39. Ra7+ Kb8 40. Rxf7 Rd8 41.
Ne2 Be4 42. Nd4 c3 43. Ke2 g5 44. c6 Kc8 45. Ra7 c2 46. Ra8+ Kc7 47. Nxe6+ Kb6
48. Rxd8 c1=Q 49. Rb8+ 1-0